| Tag |
First Indicator |
Second Indicator |
Subfields |
| LEADER |
00000cam a2200000 4500 |
| 001 |
in00000457321 |
| 005 |
20151012090407.0 |
| 008 |
790913s1959 dcu b f10000 eng d |
| 035 |
|
|
|a (OCoLC)05371704
|
| 035 |
|
|
|9 ABY4389AM
|
| 040 |
|
|
|a TXA
|c TXA
|d UtOrBLW
|
| 049 |
|
|
|a TXAM
|c [420588]
|
| 090 |
|
|
|a HE730
|b .M35 1959
|
| 111 |
2 |
|
|a Maritime Transportation Research Symposium.
|
| 245 |
1 |
0 |
|a Research techniques in maritime transportation ;
|b proceedings of the third symposium convened by the Maritime Cargo Transportation Conference, 13 May 1959.
|
| 264 |
|
1 |
|a Washington :
|b National Academy of Sciences-National Research Council,
|c 1959.
|
| 300 |
|
|
|a viii, 118 pages
|
| 336 |
|
|
|a text
|b txt
|2 rdacontent
|
| 337 |
|
|
|a unmediated
|b n
|2 rdamedia
|
| 338 |
|
|
|a volume
|b nc
|2 rdacarrier
|
| 490 |
1 |
|
|a Maritime Transportation Research Symposium. Proceedings,
|v 3
|
| 490 |
1 |
|
|a National Research Council. Publication 720
|
| 504 |
|
|
|a Includes bibliographies.
|
| 650 |
|
0 |
|a Cargo handling
|x Congresses.
|
| 650 |
|
0 |
|a Shipping
|v Congresses.
|
| 710 |
2 |
|
|a Maritime Cargo Transportation Conference (U.S.)
|
| 830 |
|
0 |
|a Publication (National Research Council (U.S.)) ;
|v no. 720.
|
| 830 |
|
0 |
|a Proceedings (Maritime Transportation Research Symposium) ;
|v 3.
|
| 999 |
|
|
|a MARS
|
| 999 |
f |
f |
|s 163b083a-a79f-312a-91cc-6a4ebe711ec8
|i f66c6d9a-fc65-3f2e-b1d3-5bfeb397ab70
|t 0
|
| 952 |
f |
f |
|p ric
|a Texas A&M University
|b Rellis Campus
|c Joint Library Facility
|d Remote Storage
|t 0
|e HE730 .M35 1959
|h Library of Congress classification
|i unmediated -- volume
|m A14802751719
|
| 998 |
f |
f |
|a HE730 .M35 1959
|t 0
|l Remote Storage
|